<?xml version="1.0" encoding="UTF-8"?>
<marc:record xmlns:marc="http://www.loc.gov/MARC21/slim">
   <marc:leader>00000nam a2200000 a 4500</marc:leader>
   <marc:datafield ind1="1" ind2=" " tag="100">
      <marc:subfield code="a">Neuhaus, Nele</marc:subfield>
      <marc:subfield code="4">aut</marc:subfield>
      <marc:subfield code="e">Verfasser/-in</marc:subfield>
   </marc:datafield>
   <marc:datafield ind1="0" ind2="0" tag="245">
      <marc:subfield code="a">Muttertag</marc:subfield>
   </marc:datafield>
   <marc:datafield ind1="0" ind2="0" tag="245">
      <marc:subfield code="b">Krimi</marc:subfield>
   </marc:datafield>
   <marc:datafield ind1="0" ind2="0" tag="245">
      <marc:subfield code="c">Nele Neuhaus</marc:subfield>
   </marc:datafield>
   <marc:datafield ind1=" " ind2="1" tag="264">
      <marc:subfield code="a">München</marc:subfield>
      <marc:subfield code="b">Ullstein Verl.</marc:subfield>
      <marc:subfield code="c">2018</marc:subfield>
   </marc:datafield>
   <marc:datafield ind1=" " ind2=" " tag="250">
      <marc:subfield code="a">2</marc:subfield>
   </marc:datafield>
   <marc:datafield ind1="1" ind2=" " tag="520">
      <marc:subfield code="a">Im Wohnhaus einer stillgelegten Fabrik wird eine Leiche gefunden. Es handelt sich um den ehemaligen Betreiber des Werks, Theodor Reifenrath, wie Kriminalhauptkommissarin Pia Sander feststellt. In einem Hundezwinger machen sie und ihr Chef Oliver von Bodenstein eine grausige Entdeckung: Neben einem fast verhungerten Hund liegen menschliche Knochen verstreut und die Spurensicherung fördert immer mehr schreckliche Details zutage. Reifenrath lebte sehr zurückgezogen, seit sich zwanzig Jahre zuvor seine Frau Rita das Leben nahm. Im Dorf will niemand glauben, dass er ein Serienmörder war.</marc:subfield>
   </marc:datafield>
   <marc:datafield ind1=" " ind2=" " tag="020">
      <marc:subfield code="a">9783550081033</marc:subfield>
      <marc:subfield code="9">9783550081033</marc:subfield>
   </marc:datafield>
   <marc:datafield ind1=" " ind2=" " tag="020">
      <marc:subfield code="a">3550081030</marc:subfield>
      <marc:subfield code="9">3550081030</marc:subfield>
   </marc:datafield>
   <marc:datafield ind1=" " ind2=" " tag="300">
      <marc:subfield code="a">555 S.</marc:subfield>
   </marc:datafield>
</marc:record>
